Представление документа в формате RUSMARC

ПолеНазваниеЗначение
  Тип записи a
  Библиографический уровень a
001 Контрольный номер RU/CBS_Ul/BASE/481029513
005 Дата корректировки 20251106093304.7
100 Данные общей обработки __
a Данные общей обработки 20150330d2015 ||| 0rusy0189 ca
101 Язык документа 0_
a Язык текста rus
102 Страна публикации __
a Страна публикации RU
105 Кодированные данные (монография) __
a Кодированные данные (монография) y###||||000|y
200 Заглавие и сведения об ответственности 1_
a Заглавие Изыск узора
b Общее обозначение материала Текст
e Сведения, относящиеся к заглавию [декор мини-комода в стиле рококо]
f Первые сведения об ответственности Римма Громыко
300 Общие примечания __
a Общие примечания Ограничения по возрасту - 12+
461 Уровень набора _0
1 2000
a Делаем сами
463 Уровень физической единицы _0
1 001RU/CBS_Ul/BASE/469198005
1 2000
a №2
v С. 16-17
1 210
d 2014
606 Тематические рубрики 0_
a Основная рубрика Деревянные изделия - Декорирование
610 Ключевые слова 0_
a Ключевые слова трафареты
a Ключевые слова золочение
a Ключевые слова текстурная паста
686 Индексы других классификаций __
a Классификационный индекс 85.126
2 Код системы ББК
700 Автор _1
a Фамилия Громыко
b Имя (инициалы) Римма
801 Источник записи _0
a Страна RU
b Организация МБУК ЦБС г. Ульяновска
c Дата составления 20150330
g Правила каталогизации RCR
801 Источник записи _1
a Страна RU
b Организация МБУК ЦБС г. Ульяновска
c Дата составления 20150330
g Правила каталогизации RCR
901 Тип документа __
t Тип документа b
w Контрольный № источника RU/CBS_Ul/BASE/469198005
910 Корректоры записи __
a Корректор записи Библиотека 28
938 Служебная информация __
a Имя БД period